000 00520nam a2200181Ia 4500
003 GCL
008 140319s9999 xx 000 0 ara d
040 _aGCL /
_cGCL
082 0 4 _a812.9
_bع ا
100 1 _aعبدالرحمن الشرقاوى
245 1 0 _aالارض /
_cعبدالرحمن الشرقاوى
300 _a205 ص
490 _aالكتاب الذهبى
_v0
650 0 4 _aالادب العربى
650 0 4 _aالقصة العربية
650 0 4 _aالدراما العربية
942 _2ddc
_cBK
999 _c50645
_d50645